Norfolk A-Z - Statistics

General Stats
  • This quiz has been taken 85 times
    15 since last reset
  • The average score is 18 of 26
Answer Stats
Hint Answer % Correct
M Condiment made by Colman's Mustard
100%
F Comedian and actor; partner of Laurie Stephen Fry
100%
Y Seaside town Great {Yarmouth}
93%
N Hero of Trafalgar born in Burnham Thorpe Horatio Nelson
93%
S Royal residence Sandringham House
93%
I Ancient British tribe who, led by Boudica, rebelled against the Romans Iceni
86%
B National park The {Broads}
86%
W Large bay in the northwest The {Wash}
86%
U NUA and UEA: the county's two __________ Universities
86%
P Fictional radio and TV presenter portrayed by Steve Coogan Alan Partridge
79%
C Seaside town famous for its pier and its crab Cromer
79%
L Sports car company headquartered in Hethel Lotus
79%
R Norwich theatre Theatre {Royal}
71%
T Market town on the Suffolk border Thetford
71%
A Germanic people who settled in the 400s AD Angles
64%
Q Norwich shopping centre Castle {Quarter}
64%
H King's Lynn was a trading post in this North Sea mercantile network Hanseatic League
64%
O King of Norway born at S Olav V
50%
Z Apt nickname for UEA's terraced, pyramidal buildings Ziggurats
50%
D Ancient landmass that once connected Norfolk to mainland Europe Doggerland
43%
E Picturesque medieval street in Norwich Elm Hill
43%
G Neolithic flint mines; a bumpy field to the untrained eye {Grime's} Graves
43%
X 1670 collection of J's writings (hint: a Roman numeral) {XVI} Revelations of Divine Love
43%
J Medieval theologian; the first known female writer in English {Julian} of Norwich
36%
V Explorer from King's Lynn; charted the Pacific coast of North America George Vancouver
29%
K 1549 anti-enclosure revolt {Kett's} Rebellion
29%
No matching quizzes found
Score Distribution
Percent of People with Each Score
Percentile by Number Answered
Your Score History
You have not taken this quiz since the last reset